000 01018na a2200349 4500
999 _c6567
_d6567
001 21163
003 MIRAKIL
005 20200619172242.0
008 170201b tu 000 0
035 _a21163
040 _aMilas
_btur
_cTR-AnCHP
041 _atur
082 _aCHP 324.2172
_bC36d [201?]
090 _aBROŞÜR 426
110 _aCumhuriyet Halk Partisi (CHP)
245 _aDünden bugüne Cumhuriyet Halk partisi
_cCHP
246 _aDünden bugüne CHP
246 _aCHP tarihi
260 _aAnkara
_bCHP
_c[201?]
300 _a38 s.
_brnkl. res.; fotg.
_c21 sm.
440 _aCumhuriyet Halk Partisi yayınları
_pRaporlar
610 _aCHP
_xTarih
610 _aCHP
_xİlkeler
650 _aSosyal demokrat partiler
_xTarih
_yBroşürler
_zTürkiye
651 _aTürkiye
_xSiyasal tarih
_y1919-
700 _a
830 _aCHP yayınları
942 _2ddc
_cBKS
999 _d6567